000
00214nam a2200097Ia 4500
008
240331s9999 xx 000 0 und d
082
_b
SIV
100
_a
State Printing. ed
245
0
_a
Siva Wasak Sarpaya
942
_c
L
999
_c
2267
_d
2267